|
|
|
|
| LEADER |
00000nam0a2200000 4500 |
| 001 |
92052 |
| 005 |
20231031104503.0 |
| 035 |
|
|
|a (RuTPU)RU\TPU\book\98650
|
| 090 |
|
|
|a 92052
|
| 100 |
|
|
|a 20060306d1962 m y0rusy50 ca
|
| 101 |
0 |
|
|a rus
|
| 102 |
|
|
|a RU
|
| 105 |
|
|
|a a j 000zy
|
| 200 |
1 |
|
|a Динамика полета беспилотных летательных аппаратов
|e учебное пособие
|f А. А. Лебедев, Л. С. Чернобровкин
|g под ред. А. А. Лебедева
|
| 210 |
|
|
|a Москва
|c Оборонгиз
|d 1962
|
| 215 |
|
|
|a 548 с.
|c ил.
|
| 320 |
|
|
|a Библиография в конце глав.
|
| 610 |
1 |
|
|a беспилотные летательные аппараты
|
| 610 |
1 |
|
|a динамика
|
| 610 |
1 |
|
|a уравнения движения
|
| 610 |
1 |
|
|a подъемная сила
|
| 610 |
1 |
|
|a лобовое сопротивление
|
| 610 |
1 |
|
|a моменты тангажа
|
| 610 |
1 |
|
|a момент крена
|
| 610 |
1 |
|
|a маневренные свойства
|
| 610 |
1 |
|
|a полеты
|
| 610 |
1 |
|
|a расчеты
|
| 610 |
1 |
|
|a автоматическое управление
|
| 610 |
1 |
|
|a учебные пособия
|
| 675 |
|
|
|a 629.135.2(075.8)
|v 3
|
| 700 |
|
1 |
|a Лебедев
|b А. А.
|g Александр Александрович
|
| 701 |
|
1 |
|a Чернобровкин
|b Л. С.
|g Лев Семенович
|
| 702 |
|
1 |
|a Лебедев
|b А. А.
|g Александр Александрович
|4 340
|
| 801 |
|
1 |
|a RU
|b 63413507
|c 20060306
|g PSBO
|
| 801 |
|
2 |
|a RU
|b 63413507
|c 20210610
|g PSBO
|
| 942 |
|
|
|c BK
|